LIBRARY & INFORMATION CENTRE, KCAET, TAVANUR

ONLINE PUBLIC ACCESS CATALOGUE (OPAC)

Louispasteur / (Record no. 612)

MARC details
000 -LEADER
fixed length control field 00336cam a2200145ua 4500
041 ## - LANGUAGE CODE
Language code of text/sound track or separate title eng
082 ## - DEWEY DECIMAL CLASSIFICATION NUMBER
Classification number 925
Item number ATT/LO
100 ## - MAIN ENTRY--AUTHOR NAME
Personal name Attwood, Evelyn .
245 ## - TITLE STATEMENT
Title Louispasteur /
260 ## - PUBLICATION, DISTRIBUTION, ETC. (IMPRINT)
Place of publication London :
Name of publisher Longman ,
Year of publication 1960.
300 ## - PHYSICAL DESCRIPTION
Number of Pages 154 ; .
942 ## - ADDED ENTRY ELEMENTS (KOHA)
Koha item type Books
Holdings
Withdrawn status Lost status Damaged status Home library Current library Date acquired Full call number Accession Number Koha item type
Withdrawn     KAUAET KAUAET 07/04/2012 925 8535 Books
free website counter